Leicester City: The Premier League Years - Statistics

General Stats
  • This quiz has been taken 195 times
    24 since last reset
  • The average score is 19 of 51
Answer Stats
Answer % Correct
Jamie Vardy
95%
Claudio Ranieri
90%
Riyad Mahrez
80%
Wes Morgan
80%
Brendan Rodgers
70%
Kasper Schmeichel
70%
James Maddison
60%
Craig Shakespeare
50%
Emile Heskey
50%
Martin O’Neill
50%
Nigel Pearson
50%
Ruud van Nistelrooy
50%
Christian Fuchs
45%
Claude Puel
45%
Steve Cooper
45%
Youri Tielemans
45%
Dean Smith
40%
Harry Maguire
40%
Harvey Barnes
40%
Leonardo Ulloa
40%
Muzzy Izzet
40%
Neil Lennon
40%
Tony Cottee
40%
Kelechi Iheanacho
35%
Matt Elliott
35%
Robbie Savage
35%
Steve Guppy
35%
Wilfred Ndidi
35%
Jonny Evans
30%
Les Ferdinand
30%
Paul Dickov
30%
Steve Claridge
30%
Steve Walsh
30%
Brian Little
25%
Esteban Cambiasso
25%
James Justin
25%
Mark McGhee
25%
Micky Adams
25%
Peter Taylor
25%
Ricardo Pereira
25%
Ian Walker
20%
Iwan Roberts
20%
Mark Draper
20%
Dave Bassett
15%
Gerry Taggart
10%
Ian Marshall
10%
Simon Grayson
10%
Timothy Castagne
10%
James Scowcroft
5%
Kevin Poole
5%
Gary Rowett
0%
No matching quizzes found
Score Distribution
Percent of People with Each Score
Percentile by Number Answered
Your Score History
You have not taken this quiz since the last reset